Word Ladder: Every Man Out There Quiz Stats

 Plays Quiz Updated Nov 19, 2015

Challenge
Share
Tweet
Embed
Score 0/11 Timer 01:00
2 Plays Today
Hint 3-to-5 Letter Word % Correct
• 3 LETTERS: Hanks, Cruise, or Thumb, e.g. ••TOM•
99.2%
Allen, Burton, or Tiny, e.g.TIM
98.1%
Not brightDIM
96.3%
Group of wolvesPACK
94%
• 4 LETTERS: Add a letter to the previous rung for Van Dyke or Cheney, e.g. ••DICK•
93.8%
Small tool to break the icePICK
93.2%
Hyde in London, Central in New YorkPARK
89.6%
• Truman, Belafonte, or Houdini, e.g. ••HARRY•
80.9%
When repeated, a small African antelopeDIK
80.7%
Catherine ____, last wife of Henry VIIIPARR
70.2%
5 LETTERS: Add a letter to the previous rung to ward off or deflect a sword thrustPARRY
65.4%

Today's Daily Dose

You're not logged in!

Compare scores with friends on all Sporcle quizzes.
OR
Log In

You Might Also Like...

Show Comments

Extras

Top Quizzes Today


Score Distribution

Your Account Isn't Verified!

In order to create a playlist on Sporcle, you need to verify the email address you used during registration. Go to your Sporcle Settings to finish the process.

Report this User

Report this user for behavior that violates our Community Guidelines.

Details: